Report of the Committee on Financial Position of Delhi Municipal Corporation and New Delhi Municipal Committee, volume 2 (Record no. 391255)

000 -LEADER
fixed length control field 00626cam a22001217a 4500
008 - FIXED-LENGTH DATA ELEMENTS--GENERAL INFORMATION
fixed length control field 180718b1977 xxu||||| |||| 00| 0 eng d
082 ## - DEWEY DECIMAL CLASSIFICATION NUMBER
Classification number B704x5461 In2re
100 ## - MAIN ENTRY--PERSONAL NAME
Personal name India. Committee on the Financial Position of Delhi Municipal Corporation and New Delhi Municipal Committee
245 ## - TITLE STATEMENT
Title Report of the Committee on Financial Position of Delhi Municipal Corporation and New Delhi Municipal Committee, volume 2
Statement of responsibility, etc. by Department of Expenditure, Ministry of Finance
260 ## - PUBLICATION, DISTRIBUTION, ETC.
Place of publication, distribution, etc. New Delhi
Name of publisher, distributor, etc. Department of Expenditure, Ministry of Finance
Date of publication, distribution, etc. 1977
300 ## - PHYSICAL DESCRIPTION
Extent 138+p.
700 ## - ADDED ENTRY--PERSONAL NAME
Personal name India. Ministry of Finance. Department of Expenditure
Holdings
Withdrawn status Lost status Damaged status Not for loan Permanent Location Current Location Date acquired Full call number Barcode Date last seen Price effective from Koha item type
        Indian Institute of Public Administration Indian Institute of Public Administration 2000-01-29 B704x5461 In2re D1613 2018-07-21 2018-07-21 D

Powered by Koha